[Event "Open Swiss 110th anniversary tournament"]
[Site "?"]
[Date "2020.02.10"]
[Round "4.11"]
[White "FM Jens Østergaard (DEN)"]
[Black "Henrik Holm (DEN)"]
[Result "1-0"]
[WhiteElo "2229"]
[BlackElo "1802"]
[PlyCount "69"]
[EventDate "2020.??.??"]

1. d4 Nf6 2. Nf3 g6 3. c4 Bg7 4. Nc3 d5 5. cxd5 Nxd5 6. e4 Nxc3 7. bxc3 c5 8.
Rb1 O-O 9. Be2 Nc6 10. d5 Bxc3+ 11. Bd2 Bxd2+ 12. Qxd2 Nd4 13. Nxd4 cxd4 14.
Qxd4 Qa5+ 15. Qd2 Qxd2+ 16. Kxd2 e6 17. d6 e5 18. Ke3 Rd8 19. Rhd1 Be6 20. Rxb7
Bxa2 21. Re7 Be6 22. f4 Bb3 23. Rb1 exf4+ 24. Kxf4 Ba2 25. Rb2 Be6 26. e5 a5
27. Bg4 Bc4 28. Bf3 Rab8 29. Rxb8 Rxb8 30. Ra7 Rb5 31. Ra8+ Kg7 32. d7 g5+ 33.
Kg3 g4 34. d8=Q gxf3 35. Qf6# 1-0

[Event "Open Swiss 110th anniversary tournament"]
[Site "?"]
[Date "2020.02.11"]
[Round "5.1"]
[White "GM Gukesh D (IND)"]
[Black "GM Chongsheng Zeng (CHN)"]
[Result "1/2-1/2"]
[WhiteElo "2542"]
[BlackElo "2567"]
[PlyCount "60"]
[EventDate "2020.??.??"]

1. d4 Nf6 2. c4 e6 3. Nc3 Bb4 4. e3 O-O 5. Bd2 c5 6. a3 Bxc3 7. Bxc3 Ne4 8. Rc1
d6 9. Nf3 Nc6 10. Bd3 Nxc3 11. Rxc3 cxd4 12. Nxd4 d5 13. Qc2 g6 14. Nf3 dxc4
15. Bxc4 Qe7 16. O-O Rd8 17. b4 Bd7 18. Bd3 Rac8 19. Rc1 Qd6 20. Be4 f5 21. Rd1
Qb8 22. Bd3 Ne5 23. Be2 Nxf3+ 24. Bxf3 Rxc3 25. Qxc3 Bc6 26. Qb3 Rxd1+ 27. Qxd1
Bxf3 28. Qxf3 Qc7 29. g3 Kf7 30. h4 h5 1/2-1/2

[Event "Open Swiss 110th anniversary tournament"]
[Site "?"]
[Date "2020.02.11"]
[Round "5.2"]
[White "IM Maxim Barth Stanford (NOR)"]
[Black "Jesper Schultz-Pedersen (DEN)"]
[Result "1/2-1/2"]
[WhiteElo "2339"]
[BlackElo "2058"]
[PlyCount "147"]
[EventDate "2020.??.??"]

1. e4 Nc6 2. Nf3 e6 3. d4 d5 4. Nbd2 Nf6 5. e5 Nd7 6. c3 f6 7. Nh4 Qe7 8. Qh5+
Qf7 9. Qxf7+ Kxf7 10. exf6 gxf6 11. f4 Bd6 12. g3 Nf8 13. Bd3 Ng6 14. Ndf3 Nxh4
15. Nxh4 Bd7 16. Bd2 Na5 17. b3 b6 18. O-O c5 19. Nf3 Kg7 20. Rae1 Nc6 21. Rf2
Rhe8 22. Bb5 a6 23. Bf1 e5 24. fxe5 fxe5 25. dxe5 Nxe5 26. Nh4 Ng4 27. Rxe8
Rxe8 28. Nf5+ Bxf5 29. Rxf5 Re5 30. Rf4 Nf6 31. Bxa6 Re7 32. Rf5 Ra7 33. Bh6+
Kf7 34. Bg5 Be7 35. Bd3 Rxa2 36. Rf3 h5 37. Bb5 Rb2 38. Bc6 Ke6 39. Rd3 Rxb3
40. Bxf6 Kxf6 41. Bxd5 Rb2 42. Bf3 c4 43. Rd5 Bc5+ 44. Kh1 Rc2 45. Bxh5 Rxc3
46. Rd1 b5 47. Rd5 Rc1+ 48. Kg2 Rc2+ 49. Kf3 Bg1 50. Rxb5 Rxh2 51. Ra5 c3 52.
Ra6+ Ke5 53. Bg6 Bc5 54. Ra4 Rf2+ 55. Kg4 Kd5 56. Be4+ Ke5 57. Rc4 Bd4 58. Bh7
Kd5 59. Bg8+ Ke4 60. Bh7+ Ke3 61. Bf5 Bf6 62. Rc6 Be5 63. Kg5 Rg2 64. g4 Bf4+
65. Kf6 Kd2 66. Rc4 Be3 67. Ke5 Rf2 68. Kf6 Rxf5+ 69. Kxf5 c2 70. Ke4 Bh6 71.
Kf5 c1=Q 72. Rxc1 Kxc1 73. g5 Bxg5 74. Ke5 1/2-1/2

[Event "Open Swiss 110th anniversary tournament"]
[Site "?"]
[Date "2020.02.11"]
[Round "5.3"]
[White "Dennis Jørgensen (DEN)"]
[Black "IM Jacob Sylvan (DEN)"]
[Result "0-1"]
[WhiteElo "2154"]
[BlackElo "2335"]
[PlyCount "66"]
[EventDate "2020.??.??"]

1. d4 Nf6 2. Nf3 g6 3. g3 Bg7 4. Bg2 O-O 5. O-O d6 6. c4 Nc6 7. Nc3 Rb8 8. h3
a6 9. Qd3 b5 10. d5 b4 11. Ne4 Nxe4 12. Qxe4 Bf5 13. Qh4 Na5 14. Bh6 e5 15.
Qxd8 Rfxd8 16. Bxg7 Kxg7 17. Nd2 Nb7 18. Rfc1 a5 19. a4 Nc5 20. g4 Bd7 21. b3
f5 22. gxf5 gxf5 23. Rab1 Kf6 24. Rf1 Rg8 25. Kh2 Rg7 26. Rg1 Rbg8 27. Bh1 Rxg1
28. Rxg1 Rxg1 29. Kxg1 Nxa4 30. bxa4 Bxa4 31. c5 Bc2 32. cxd6 cxd6 33. e4 a4
0-1

[Event "Open Swiss 110th anniversary tournament"]
[Site "?"]
[Date "2020.02.11"]
[Round "5.4"]
[White "Sibo Wu (CHN)"]
[Black "FM Mikkel M.  Jacobsen (DEN)"]
[Result "1/2-1/2"]
[WhiteElo "2060"]
[BlackElo "2315"]
[PlyCount "86"]
[EventDate "2020.??.??"]

1. d4 d5 2. Nf3 Nf6 3. Bf4 c5 4. e3 e6 5. Nbd2 Bd6 6. Bg3 O-O 7. c3 b6 8. Bd3
Bb7 9. Ne5 Bxe5 10. dxe5 Nfd7 11. Qh5 g6 12. Qh6 f5 13. h4 Qe7 14. h5 g5 15.
Nf3 g4 16. Bh4 Qg7 17. Qxe6+ Kh8 18. h6 Qg6 19. Ng5 Qxe6 20. Nxe6 Nxe5 21. Nxf8
Nxd3+ 22. Kd2 Nxb2 23. Bf6+ Kg8 24. Bg7 Nc6 25. Nd7 Nc4+ 26. Kc2 Kf7 27. Nf6
Kg6 28. Nh5 Ne7 29. Nf4+ Kf7 30. Rh5 a5 31. Re1 a4 32. f3 gxf3 33. gxf3 Ra5 34.
Rg5 Rb5 35. Nd3 d4 36. e4 Ne3+ 37. Kd2 fxe4 38. fxe4 Bxe4 39. cxd4 Nc4+ 40. Ke2
Nf5 41. dxc5 bxc5 42. Rc1 Bxd3+ 43. Kxd3 Ncd6 1/2-1/2

[Event "Open Swiss 110th anniversary tournament"]
[Site "?"]
[Date "2020.02.11"]
[Round "5.5"]
[White "Thyra Kvendseth (NOR)"]
[Black "IM Mahadevan Siva (IND)"]
[Result "0-1"]
[WhiteElo "1889"]
[BlackElo "2310"]
[PlyCount "38"]
[EventDate "2020.??.??"]

1. Nf3 Nf6 2. g3 g6 3. Bg2 Bg7 4. O-O O-O 5. d4 d6 6. c4 Nbd7 7. Nc3 e5 8. e4
c6 9. h3 Qa5 10. d5 cxd5 11. cxd5 b5 12. Nd2 b4 13. Qa4 Qb6 14. Ne2 Ba6 15. Qd1
Nc5 16. Nb3 Ncxe4 17. Be3 Qb5 18. Re1 Bb7 19. f3 Nxd5 0-1

[Event "Open Swiss 110th anniversary tournament"]
[Site "?"]
[Date "2020.02.11"]
[Round "5.6"]
[White "FM Karsten Larsen (DEN)"]
[Black "Thore Nyboe Jensen (DEN)"]
[Result "1-0"]
[WhiteElo "2235"]
[BlackElo "2006"]
[PlyCount "47"]
[EventDate "2020.??.??"]

1. Nf3 c5 2. e3 g6 3. d4 Bg7 4. Be2 Nf6 5. O-O O-O 6. d5 d6 7. c4 Na6 8. Nc3 e6
9. Re1 exd5 10. cxd5 Re8 11. Nd2 Nc7 12. e4 Bd7 13. a4 a6 14. Bf3 Bf8 15. a5
Nb5 16. Nc4 Nd4 17. Be3 Nxf3+ 18. Qxf3 Rc8 19. Bg5 Kg7 20. e5 dxe5 21. Ne4 Be7
22. d6 Rc6 23. dxe7 Qxe7 24. Rad1 1-0

[Event "Open Swiss 110th anniversary tournament"]
[Site "?"]
[Date "2020.02.11"]
[Round "5.7"]
[White "GM Jens Kristiansen (DEN)"]
[Black "FM Jens Østergaard (DEN)"]
[Result "1-0"]
[WhiteElo "2406"]
[BlackElo "2229"]
[PlyCount "85"]
[EventDate "2020.??.??"]

1. Nf3 Nf6 2. d4 g6 3. c4 Bg7 4. Nc3 O-O 5. e4 d6 6. Be2 e5 7. d5 a5 8. h3 Nh5
9. g3 Na6 10. Bg5 f6 11. Bd2 f5 12. exf5 gxf5 13. Ng5 Nf6 14. g4 Qe7 15. Rg1
Kh8 16. Qb1 e4 17. Be3 Nc5 18. Qc1 Nd3+ 19. Bxd3 exd3 20. gxf5 Bxf5 21. Qd2 Nd7
22. Rg4 Ne5 23. O-O-O h6 24. Ne6 Bxe6 25. Rxg7 Qxg7 26. Bxh6 Qg6 27. Bxf8 Bf5
28. Qh6+ Qxh6+ 29. Bxh6 Nxc4 30. b3 Ne5 31. Rg1 Re8 32. Rg3 Kh7 33. Be3 c5 34.
dxc6 Nxc6 35. Nd5 Rc8 36. Kd2 Ne5 37. Nf6+ Kh8 38. Bd4 Rf8 39. Nd5 Kh7 40. f4
Ng6 41. Rg5 Kh6 42. Nf6 Ne7 43. Ng4+ 1-0

[Event "Open Swiss 110th anniversary tournament"]
[Site "?"]
[Date "2020.02.11"]
[Round "5.8"]
[White "IM John Arni Nilssen (FAI)"]
[Black "Paul Brøndal (DEN)"]
[Result "1-0"]
[WhiteElo "2333"]
[BlackElo "2074"]
[PlyCount "115"]
[EventDate "2020.??.??"]

1. c4 Nf6 2. d4 g6 3. Nc3 Bg7 4. e4 d6 5. Be2 O-O 6. Bg5 h6 7. Be3 c5 8. d5 e6
9. f3 exd5 10. cxd5 a6 11. a4 b6 12. Qd2 Nbd7 13. Nh3 Ne5 14. Nf2 Kh7 15. O-O
g5 16. Nh1 Nh5 17. g3 Ng6 18. Bf2 Ngf4 19. Rfc1 Nh3+ 20. Kf1 Nxf2 21. Nxf2 Nf6
22. Kg2 Bd7 23. Nfd1 Qe7 24. h3 Kh8 25. Ne3 Nh5 26. Ng4 f5 27. exf5 Bxf5 28.
Bd3 Bxd3 29. Qxd3 Qf7 30. Rf1 Nxg3 31. Kxg3 h5 32. Kg2 hxg4 33. hxg4 Bxc3 34.
bxc3 Kg7 35. Rab1 b5 36. axb5 axb5 37. Rxb5 Ra2+ 38. Rf2 Rxf2+ 39. Kxf2 Qf4 40.
Rb7+ Kf6 41. Rh7 Re8 42. Rh6+ Ke7 43. Re6+ Kd8 44. Rxe8+ Kxe8 45. Qe3+ Qxe3+
46. Kxe3 Ke7 47. c4 Kf6 48. f4 Kg6 49. fxg5 Kxg5 50. Kf3 Kg6 51. Kf4 Kf6 52.
g5+ Kg6 53. Kg4 Kg7 54. Kf5 Kf7 55. g6+ Ke7 56. Kg5 Ke8 57. Kf6 Kf8 58. Ke6 1-0

[Event "Open Swiss 110th anniversary tournament"]
[Site "?"]
[Date "2020.02.11"]
[Round "5.9"]
[White "Peter Thorsbro (DEN)"]
[Black "Michael Ole Madsen (DEN)"]
[Result "1-0"]
[WhiteElo "2159"]
[BlackElo "2042"]
[PlyCount "129"]
[EventDate "2020.??.??"]

1. d4 Nf6 2. Bf4 d5 3. e3 e6 4. Nf3 c5 5. c3 Nc6 6. Nbd2 Bd6 7. Bd3 cxd4 8.
cxd4 Bxf4 9. exf4 Qb6 10. Nb3 Nb4 11. Bb1 Bd7 12. Nc5 Na6 13. Nd3 Bb5 14. O-O
O-O 15. Re1 Bxd3 16. Bxd3 Nb4 17. Bb1 Rac8 18. f5 Rfe8 19. a3 Nc6 20. fxe6 Rxe6
21. Rxe6 fxe6 22. Qe1 Na5 23. Bd3 Nc4 24. Rc1 Rc6 25. Bxc4 Rxc4 26. Rxc4 dxc4
27. Ng5 a5 28. Qxe6+ Qxe6 29. Nxe6 b5 30. Kf1 b4 31. axb4 axb4 32. Nc5 Kf7 33.
Ke2 Ke7 34. b3 c3 35. Nd3 Nd5 36. Ne1 Ke6 37. Kd3 Kf5 38. Nc2 h5 39. Kc4 Ke6
40. Kc5 g5 41. g3 Nf6 42. Nxb4 Ne4+ 43. Kc6 Nxf2 44. d5+ Ke7 45. Kc7 Ne4 46.
Nc2 g4 47. b4 Nd6 48. Kc6 Nc4 49. b5 Ne5+ 50. Kc7 Nc4 51. b6 Nxb6 52. Kxb6 Kd6
53. Ne3 c2 54. Nxc2 Kxd5 55. Ne1 Kd4 56. Ng2 Ke4 57. Nh4 Ke3 58. Kc5 Kf2 59.
Kd4 Kg1 60. Ke3 Kxh2 61. Kf2 Kh3 62. Ng6 Kh2 63. Nf4 Kh1 64. Nxh5 Kh2 65. Ke3
1-0

[Event "Open Swiss 110th anniversary tournament"]
[Site "?"]
[Date "2020.02.11"]
[Round "5.10"]
[White "Esben Lauge Sørensen (DEN)"]
[Black "Richard Lilja (DEN)"]
[Result "1/2-1/2"]
[WhiteElo "1943"]
[BlackElo "2123"]
[PlyCount "145"]
[EventDate "2020.??.??"]

1. d4 Nf6 2. c4 g6 3. Nc3 Bg7 4. e4 d6 5. Nge2 O-O 6. f3 c5 7. Be3 Nc6 8. Qd2
b6 9. d5 Ne5 10. Ng3 h5 11. Be2 Kh7 12. h3 Ba6 13. b3 Rh8 14. f4 Ned7 15. Bf3
Rb8 16. Rc1 b5 17. cxb5 Bxb5 18. Nxb5 Rxb5 19. O-O Qb8 20. Rc2 Rb4 21. Qd3 a5
22. e5 dxe5 23. f5 e4 24. fxg6+ fxg6 25. Nxe4 Nxe4 26. Bxe4 Ne5 27. Bxg6+ Nxg6
28. Rf5 Bd4 29. Rf7+ Bg7 30. Bxc5 Rf4 31. Rxe7 Rhf8 32. Rxg7+ Kxg7 33. Bxf8+
Nxf8 34. d6 Ne6 35. Qg3+ Kf6 36. Qc3+ Kf7 37. Qc6 Qa7+ 38. Kh2 Rf1 39. Qe4 Qg1+
40. Kg3 h4+ 41. Qxh4 Qe3+ 42. Kh2 Qe5+ 43. g3 Qxd6 44. Qh5+ Ke7 45. Qh4+ Kf7
46. Qh5+ Kg7 47. Qg4+ Kf8 48. Qe2 Rf6 49. Qe3 Nd4 50. Rf2 Nf5 51. Qf4 Qxf4 52.
Rxf4 Ke7 53. a3 Nd6 54. Rxf6 Kxf6 55. Kg2 Nb5 56. Kf3 Nxa3 57. Ke4 Ke6 58. g4
Nb5 59. h4 a4 60. bxa4 Nc3+ 61. Kf4 Nxa4 62. Kg5 Kf7 63. Kh6 Nc5 64. Kh7 Nd7
65. g5 Nf8+ 66. Kh6 Kg8 67. h5 Ne6 68. Kg6 Nf4+ 69. Kh6 Kh8 70. g6 Ne6 71. g7+
Nxg7 72. Kg6 Nxh5 73. Kxh5 1/2-1/2

[Event "Open Swiss 110th anniversary tournament"]
[Site "?"]
[Date "2020.02.11"]
[Round "5.11"]
[White "Peter Birk Petersen (DEN)"]
[Black "Mikael Ramkilde (DEN)"]
[Result "1-0"]
[WhiteElo "2117"]
[BlackElo "1952"]
[PlyCount "63"]
[EventDate "2020.??.??"]

1. e4 c5 2. Nf3 d6 3. d4 cxd4 4. Nxd4 Nf6 5. Nc3 a6 6. Be3 e5 7. Nf3 Be7 8. Bc4
O-O 9. O-O Be6 10. Bb3 b5 11. Qe2 Nc6 12. Rfd1 Bg4 13. Nd5 Nxd5 14. Bxd5 Rc8
15. c3 Na5 16. h3 Bd7 17. a4 Nc4 18. axb5 Nxe3 19. Qxe3 axb5 20. Ra7 Kh8 21.
Rda1 Bc6 22. Bxc6 Rxc6 23. Rb7 Rc7 24. Rxb5 Qd7 25. Rba5 f5 26. Ra8 Bd8 27. Rb8
Rb7 28. Raa8 Qc7 29. Rc8 Qd7 30. Qg5 h6 31. Qxd8 Qxd8 32. Rxd8 1-0

[Event "Open Swiss 110th anniversary tournament"]
[Site "?"]
[Date "2020.02.12"]
[Round "6.1"]
[White "GM Chongsheng Zeng (CHN)"]
[Black "IM Mahadevan Siva (IND)"]
[Result "1-0"]
[WhiteElo "2567"]
[BlackElo "2310"]
[PlyCount "57"]
[EventDate "2020.??.??"]

1. c4 c5 2. Nc3 Nf6 3. Nf3 d5 4. cxd5 Nxd5 5. e3 g6 6. Bb5+ Bd7 7. Qb3 Nb6 8.
Ne4 Qc7 9. Qc3 Bxb5 10. Qxh8 Nc6 11. a3 O-O-O 12. Qc3 Na4 13. Qb3 a6 14. Qxf7
Qd7 15. b3 Qd3 16. Ng3 Nc3 17. Bb2 Bg7 18. Qxg7 Ne4 19. O-O-O c4 20. Nxe4 Qxe4
21. d3 cxd3 22. Qc3 Kb8 23. a4 Nd4 24. Kb1 d2+ 25. Ka2 Nc6 26. Nd4 Rxd4 27.
exd4 a5 28. f3 Qf5 29. g4 1-0

[Event "Open Swiss 110th anniversary tournament"]
[Site "?"]
[Date "2020.02.12"]
[Round "6.2"]
[White "IM Jacob Sylvan (DEN)"]
[Black "GM Gukesh D (IND)"]
[Result "0-1"]
[WhiteElo "2335"]
[BlackElo "2542"]
[PlyCount "74"]
[EventDate "2020.??.??"]

1. c4 Nf6 2. g3 g6 3. Bg2 Bg7 4. Nc3 O-O 5. e4 d6 6. Nge2 e5 7. O-O Nc6 8. d3
Be6 9. h3 Nd7 10. Nd5 f5 11. exf5 gxf5 12. Be3 Nb6 13. Nec3 Qd7 14. f4 Nd8 15.
Qd2 Nc8 16. Rae1 c6 17. Nb4 Ne7 18. Nc2 Ng6 19. b3 exf4 20. gxf4 Nh4 21. Bh1 d5
22. cxd5 cxd5 23. Nd4 Bf7 24. Kh2 Nc6 25. Nce2 Rfe8 26. Bf2 Ng6 27. Rg1 Rac8
28. h4 Nxd4 29. Nxd4 Rxe1 30. Qxe1 Qc7 31. Qe3 Re8 32. Qg3 Bh6 33. Kg2 Bxf4 34.
Qf3 Bh2 35. Nb5 Qb8 36. Bxa7 Nxh4+ 37. Kf1+ Bxg1 0-1

[Event "Open Swiss 110th anniversary tournament"]
[Site "?"]
[Date "2020.02.12"]
[Round "6.3"]
[White "Jesper Schultz-Pedersen (DEN)"]
[Black "GM Jens Kristiansen (DEN)"]
[Result "1-0"]
[WhiteElo "2058"]
[BlackElo "2406"]
[PlyCount "63"]
[EventDate "2020.??.??"]

1. e4 g6 2. Nc3 Bg7 3. f4 d6 4. Nf3 Nf6 5. Bc4 O-O 6. O-O Nxe4 7. Nxe4 d5 8.
Bd3 dxe4 9. Bxe4 c5 10. c3 Nc6 11. d3 Qd6 12. Qe1 Bd7 13. Be3 f5 14. Bxc6 Bxc6
15. Rd1 Rad8 16. Qf2 b6 17. d4 cxd4 18. Nxd4 Bb5 19. Rfe1 e5 20. fxe5 Bxe5 21.
Qc2 Bxh2+ 22. Kh1 Bg3 23. Qb3+ Kh8 24. Nxb5 Qf6 25. Qc4 Bxe1 26. Rxe1 Rfe8 27.
Qf1 Re4 28. Kg1 Qe6 29. Bf2 Rd2 30. Rxe4 fxe4 31. Be3 Rxb2 32. Qf8+ 1-0

[Event "Open Swiss 110th anniversary tournament"]
[Site "?"]
[Date "2020.02.12"]
[Round "6.4"]
[White "FM Mikkel M. Jacobsen (DEN)"]
[Black "IM Maxim Barth Stanford (NOR)"]
[Result "0-1"]
[WhiteElo "2315"]
[BlackElo "2339"]
[PlyCount "90"]
[EventDate "2020.??.??"]

1. Nf3 Nf6 2. d4 e6 3. c4 c5 4. d5 exd5 5. cxd5 d6 6. Nc3 g6 7. e4 Bg7 8. Nd2
O-O 9. Be2 Re8 10. O-O Na6 11. Re1 Rb8 12. Bb5 Bd7 13. a4 Nb4 14. Nc4 Bxb5 15.
axb5 a6 16. Bf4 Bf8 17. Bg5 h6 18. Bh4 g5 19. Bg3 axb5 20. Nxb5 Rxe4 21. Rxe4
Nxe4 22. Qg4 Ra8 23. Rxa8 Qxa8 24. h4 Nxg3 25. Qxg3 Qa4 26. Nc3 Qc2 27. Nxd6
Bxd6 28. Qxd6 Qxb2 29. Qxc5 Qc1+ 30. Kh2 Nxd5 31. Qxd5 Qxc3 32. hxg5 Qc7+ 33.
Kh3 hxg5 34. Qxg5+ Kf8 35. f4 Qc3+ 36. g3 Qc6 37. Qd8+ Kg7 38. f5 Qf6 39. Qd5
b6 40. g4 Qh6+ 41. Kg2 Qe3 42. Qc6 Qf4 43. Kh3 Qh6+ 44. Qxh6+ Kxh6 45. Kg3 Kg5
0-1

[Event "Open Swiss 110th anniversary tournament"]
[Site "?"]
[Date "2020.02.12"]
[Round "6.5"]
[White "FM Karsten Larsen (DEN)"]
[Black "IM John Arni Nilssen (FAI)"]
[Result "1/2-1/2"]
[WhiteElo "2235"]
[BlackElo "2333"]
[PlyCount "86"]
[EventDate "2020.??.??"]

1. e4 c5 2. Nf3 Nc6 3. Bb5 g6 4. O-O Bg7 5. Bxc6 dxc6 6. d3 e5 7. Be3 Qe7 8.
Qe1 Nf6 9. Qc3 Nd7 10. a4 a5 11. Nbd2 O-O 12. Nc4 b6 13. Rae1 h6 14. Bc1 b5 15.
Ncd2 Re8 16. b3 Nf8 17. Qa1 Ne6 18. Bb2 Nf4 19. Re3 h5 20. Kh1 g5 21. Ng1 Bh6
22. Ne2 g4 23. Ng3 f6 24. Qe1 Qh7 25. Nf5 Bxf5 26. exf5 Qxf5 27. Ne4 Rf8 28. f3
Kh7 29. fxg4 Qxg4 30. g3 Nd5 31. Ref3 f5 32. Nd6 e4 33. dxe4 fxe4 34. Qxe4+
Qxe4 35. Nxe4 Rxf3 36. Rxf3 Re8 37. Nf6+ Nxf6 38. Rxf6 Re2 39. Rxc6 Rxc2 40.
Rc7+ Kg6 41. Rc6+ Kh7 42. Rc7+ Kg6 43. Rc6+ Kh7 1/2-1/2

[Event "Open Swiss 110th anniversary tournament"]
[Site "?"]
[Date "2020.02.12"]
[Round "6.6"]
[White "Sibo Wu (CHN)"]
[Black "Dennis Jørgensen (DEN)"]
[Result "1-0"]
[WhiteElo "2060"]
[BlackElo "2154"]
[PlyCount "125"]
[EventDate "2020.??.??"]

1. d4 Nf6 2. Nf3 e6 3. c4 b6 4. g3 Ba6 5. b3 Bb4+ 6. Bd2 Be7 7. Bg2 c6 8. Bc3
d5 9. Nbd2 Nbd7 10. O-O O-O 11. Qc2 Rc8 12. e4 b5 13. e5 Ne8 14. c5 b4 15. Bxb4
Bxf1 16. Bxf1 Rb8 17. Bc3 g6 18. b4 Ng7 19. Qa4 Qc7 20. Rc1 f6 21. exf6 Bxf6
22. Re1 Rbe8 23. Ne5 Bxe5 24. dxe5 Rf7 25. f4 g5 26. fxg5 Rf5 27. Bd3 Rxg5 28.
Nf3 Rh5 29. g4 Rh6 30. Kg2 Rf8 31. Qc2 Qd8 32. Qf2 Rf4 33. Qg3 Qf8 34. Rf1 Rg6
35. Bxg6 hxg6 36. Nd2 Rxf1 37. Nxf1 a5 38. a3 axb4 39. axb4 Qb8 40. Qe3 Qb5 41.
Nd2 Qa4 42. Nf3 Nf8 43. Nd4 Qd1 44. Qe2 Qa4 45. Qc2 Qa6 46. Bb2 Qc8 47. b5 cxb5
48. Nxb5 Qb8 49. c6 Ne8 50. Nd6 Qb4 51. Nxe8 Qxg4+ 52. Kf2 Qf4+ 53. Ke1 Qh4+
54. Kd1 Qg4+ 55. Kc1 Qg1+ 56. Kd2 Qxh2+ 57. Kd3 Qg3+ 58. Kd4 Qf4+ 59. Kc5 Qe3+
60. Bd4 Qa3+ 61. Kb5 Qa8 62. Nd6 Qb8+ 63. Bb6 1-0

[Event "Open Swiss 110th anniversary tournament"]
[Site "?"]
[Date "2020.02.12"]
[Round "6.7"]
[White "Mikael Ramkilde (DEN)"]
[Black "Peter Thorsbro (DEN)"]
[Result "0-1"]
[WhiteElo "1952"]
[BlackElo "2159"]
[PlyCount "64"]
[EventDate "2020.??.??"]

1. e4 e5 2. Nf3 Nc6 3. Bb5 a6 4. Ba4 Nf6 5. Qe2 b5 6. Bb3 d6 7. c3 Be7 8. O-O
O-O 9. Rd1 Bg4 10. d4 Qc8 11. a4 Qb7 12. h3 Bxf3 13. Qxf3 Nb8 14. Bc2 c5 15. d5
c4 16. g4 Nfd7 17. Nd2 Bg5 18. Nf1 Bxc1 19. Rdxc1 Nc5 20. Ne3 g6 21. h4 Nbd7
22. Qg3 Nf6 23. f3 bxa4 24. Rcb1 Qb5 25. Kh2 Nfd7 26. g5 Nb3 27. Ra2 Ndc5 28.
h5 Nd3 29. Ng2 Ra7 30. f4 Nd2 31. Bxd3 cxd3 32. Qe3 Nxb1 0-1

[Event "Open Swiss 110th anniversary tournament"]
[Site "?"]
[Date "2020.02.12"]
[Round "6.8"]
[White "Søren Bull Andersen (DEN)"]
[Black "Thyra Kvendseth (NOR)"]
[Result "0-1"]
[WhiteElo "2100"]
[BlackElo "1889"]
[PlyCount "80"]
[EventDate "2020.??.??"]

1. d4 Nf6 2. c4 g6 3. Nc3 Bg7 4. e4 d6 5. f3 O-O 6. Be3 c6 7. Qd2 a6 8. Bd3 b5
9. Nge2 Nbd7 10. g4 e5 11. h4 exd4 12. Nxd4 Ne5 13. Be2 c5 14. Ndxb5 axb5 15.
cxb5 Be6 16. Bf4 Qc7 17. Bxe5 dxe5 18. a4 Rfd8 19. Qc2 h5 20. g5 Nd7 21. Kf2 c4
22. Rhd1 Bf8 23. Kg2 Nc5 24. Rxd8 Rxd8 25. Nd5 Bxd5 26. exd5 Nb3 27. Rd1 Rc8
28. d6 Bxd6 29. Bxc4 Qxc4 30. Qxc4 Rxc4 31. Rxd6 Rxa4 32. Rd5 Rb4 33. Rxe5 Nd4
34. Re4 Rxb2+ 35. Kg3 Nf5+ 36. Kh3 Rxb5 37. Kg2 Rb2+ 38. Kg1 Rd2 39. Ra4 Rd4
40. Ra8+ Kg7 0-1

[Event "Open Swiss 110th anniversary tournament"]
[Site "?"]
[Date "2020.02.12"]
[Round "6.9"]
[White "Thore Nyboe Jensen (DEN)"]
[Black "Jan Brønnum (DEN)"]
[Result "1-0"]
[WhiteElo "2006"]
[BlackElo "2034"]
[PlyCount "141"]
[EventDate "2020.??.??"]

1. e4 d5 2. exd5 Qxd5 3. Nc3 Qa5 4. Bc4 c6 5. a3 Nf6 6. b4 Qc7 7. Nge2 b5 8.
Bb3 a5 9. Bb2 Bg4 10. bxa5 e6 11. O-O Bd6 12. h3 Bh5 13. d3 Nbd7 14. Qd2 Bg6
15. Nd4 e5 16. Ndxb5 cxb5 17. Nxb5 Qb8 18. Nxd6+ Qxd6 19. Qb4 Qc7 20. f4 Rb8
21. Qe1 O-O 22. fxe5 Rfe8 23. Qg3 Nh5 24. Qh2 Nxe5 25. Rae1 Qa7+ 26. Kh1 Nd7
27. Qd6 Nhf6 28. a6 Qb6 29. Rxe8+ Rxe8 30. Qxb6 Nxb6 31. Bxf6 gxf6 32. Rxf6 Nc8
33. Rc6 Ne7 34. Rc7 Kf8 35. Bc4 Ra8 36. a7 Ke8 37. Rb7 Nc8 38. Rb8 Rxa7 39.
Rxc8+ Kd7 40. Rb8 Rxa3 41. Rb7+ Ke8 42. Kh2 Rc3 43. Bb3 h5 44. Kg3 Rc5 45. h4
Kf8 46. Rd7 Kg7 47. Rd5 Rc7 48. Kf4 Kf6 49. g4 hxg4 50. h5 Bh7 51. Rd6+ Kg7 52.
Kxg4 f6 53. c4 Rc5 54. h6+ Kf7 55. d4 Rg5+ 56. Kf4 Rf5+ 57. Ke3 Rh5 58. c5+ Ke7
59. Re6+ Kd8 60. Rxf6 Rh3+ 61. Rf3 Rxh6 62. d5 Bg6 63. d6 Be8 64. Bd5 Rh5 65.
Kd4 Rh4+ 66. Ke5 Rh5+ 67. Rf5 Rh2 68. c6 Re2+ 69. Kf6 Rc2 70. c7+ Kd7 71. Be6+
1-0

[Event "Open Swiss 110th anniversary tournament"]
[Site "?"]
[Date "2020.02.12"]
[Round "6.10"]
[White "FM Jens Østergaard (DEN)"]
[Black "Sohum Lohia (ENG)"]
[Result "1-0"]
[WhiteElo "2229"]
[BlackElo "2025"]
[PlyCount "45"]
[EventDate "2020.??.??"]

1. d4 Nf6 2. Nf3 g6 3. c4 Bg7 4. Nc3 O-O 5. e4 d6 6. Be2 e5 7. O-O Nc6 8. Be3
exd4 9. Nxd4 Re8 10. f3 Nh5 11. f4 Nf6 12. Bf3 Ng4 13. Bxg4 Bxg4 14. Qd2 Nxd4
15. Bxd4 Be6 16. Bxg7 Kxg7 17. f5 Bd7 18. f6+ Kh8 19. Qh6 Rg8 20. Nd5 Bc6 21.
Ne7 Bxe4 22. Rf4 Bd3 23. Qxh7+ 1-0

[Event "Open Swiss 110th anniversary tournament"]
[Site "?"]
[Date "2020.02.12"]
[Round "6.11"]
[White "Richard Lilja (DEN)"]
[Black "Erik Alquist (SWE)"]
[Result "1/2-1/2"]
[WhiteElo "2123"]
[BlackElo "2013"]
[PlyCount "150"]
[EventDate "2020.??.??"]

1. e4 c5 2. Nc3 Nc6 3. Bb5 Nd4 4. Bc4 e6 5. Nf3 Nf6 6. O-O a6 7. d3 b5 8. Bb3
Nxb3 9. axb3 Bb7 10. Bg5 h6 11. Bh4 d6 12. Qe2 Be7 13. Rfe1 O-O 14. Rad1 Nd7
15. Bxe7 Qxe7 16. Nb1 Rac8 17. e5 dxe5 18. Nxe5 Nxe5 19. Qxe5 Rfd8 20. Nc3 Qd6
21. Qh5 Qf4 22. Re3 Qf6 23. Rde1 c4 24. bxc4 bxc4 25. Rd1 Rd4 26. dxc4 Rcxc4
27. Rxd4 Rxd4 28. Qe5 Qxe5 29. Rxe5 Rd2 30. Re2 Rxe2 31. Nxe2 Kf8 32. f3 Ke7
33. Kf2 e5 34. Ke3 f5 35. b4 g5 36. g3 h5 37. f4 exf4+ 38. gxf4 Kf6 39. c4 g4
40. Nd4 h4 41. Kf2 Be4 42. Ke3 Ke7 43. Ne2 Kd6 44. Kd4 Bf3 45. Ng1 Be4 46. Kc3
Kc6 47. Kd4 Kd6 48. Ke3 Kc6 49. Ne2 Kd7 50. Nc3 Bc6 51. Nd1 Kd6 52. Kf2 Be4 53.
Ke3 Bf3 54. Nf2 Bc6 55. Nd3 Bg2 56. Kf2 Bc6 57. Ne5 Kc7 58. Ng6 h3 59. Ne5 Kb6
60. Kg3 Bg2 61. Kf2 a5 62. bxa5+ Kxa5 63. Kg3 Kb4 64. Nxg4 fxg4 65. f5 Kxc4 66.
Kxg4 Kd5 67. Kg5 Ke5 68. f6 Bd5 69. Kh4 Be6 70. f7 Bxf7 71. Kxh3 Kf4 72. Kh4
Bg6 73. Kh3 Kf3 74. Kh4 Kf4 75. h3 Bf7 1/2-1/2

[Event "Open Swiss 110th anniversary tournament"]
[Site "?"]
[Date "2020.02.13"]
[Round "7.1"]
[White "GM Chongsheng Zeng (CHN)"]
[Black "Sibo Wu (CHN)"]
[Result "1-0"]
[WhiteElo "2567"]
[BlackElo "2060"]
[PlyCount "57"]
[EventDate "2020.??.??"]

1. c4 c6 2. Nc3 d5 3. d4 Nf6 4. Nf3 a6 5. c5 Nbd7 6. Bf4 Nh5 7. Qc1 h6 8. e4 g5
9. Be3 dxe4 10. Nxe4 Ndf6 11. Nc3 Be6 12. Be2 Nd5 13. Nxd5 Bxd5 14. Ne5 Ng7 15.
h4 gxh4 16. Rxh4 Nf5 17. Rf4 Nxe3 18. Qxe3 Qa5+ 19. Kf1 Rg8 20. g3 Rg7 21. Nc4
Qc7 22. Nb6 Rd8 23. Bh5 e5 24. Rf5 e4 25. Re5+ Be7 26. Qxh6 Kf8 27. Rf5 f6 28.
Nxd5 Rxd5 29. Qh8+ 1-0

[Event "Open Swiss 110th anniversary tournament"]
[Site "?"]
[Date "2020.02.13"]
[Round "7.2"]
[White "GM Gukesh D (IND)"]
[Black "Jesper Schultz-Pedersen (DEN)"]
[Result "1-0"]
[WhiteElo "2542"]
[BlackElo "2058"]
[PlyCount "61"]
[EventDate "2020.??.??"]

1. e4 Nc6 2. Nf3 e6 3. d4 d5 4. Nc3 Nf6 5. e5 Ne4 6. Bd3 f5 7. exf6 Nxf6 8. Bg5
Bd6 9. Qe2 O-O 10. O-O-O Nb4 11. Ne5 b6 12. Bb5 a6 13. Ba4 c5 14. dxc5 bxc5 15.
a3 Qc7 16. Nf3 Nc6 17. h4 Rb8 18. Bxf6 gxf6 19. Rh3 Qb6 20. b3 c4 21. Nd2 Bxa3+
22. Kb1 Kh8 23. Rg3 Rb7 24. Qh5 cxb3 25. Nxb3 Na5 26. Qh6 Nxb3 27. Bxb3 Qxf2
28. Rdd3 Rxb3+ 29. Ka1 Qe1+ 30. Nd1 Rxd3 31. Qg7# 1-0